| 000 | 00838nam a22002538a 4500 | ||
|---|---|---|---|
| 001 | 12947318 | ||
| 003 | AUA.1 | ||
| 005 | 20160607095638.0 | ||
| 008 | 851111r19861980enk 001 0 eng d | ||
| 010 | _agb 85047422 | ||
| 020 | _a0851107583 (pbk) : | ||
| 040 |
_aUKM _cUKM _dm/c _dEXN |
||
| 049 |
_aEXNs [492130] _c1 |
||
| 082 | 0 |
_a251 _219 |
|
| 090 |
_aBV4211.3 _b.R62 2001 |
||
| 100 | 1 |
_aRobinson, Haddon W. _95400 |
|
| 245 | 1 | 0 |
_aExpository preaching : _bits principles and practice / _cby Haddon W. Robinson ; foreword by J.A. Motyer. |
| 260 |
_aLeicester : _bInter-Varsity, _c2001. |
||
| 300 |
_a256 p. ; _c22 cm. |
||
| 500 | _aOriginally published: Grand Rapids : Baker Book House, 1980. | ||
| 504 | _aIncludes bibliography and index. | ||
| 650 | 0 |
_aPreaching. _95401 |
|
| 942 |
_2lcc _cBOOK _hBV 4211.3 _i.R62 2001 |
||
| 999 |
_c1492 _d1492 |
||